000 nam a22 4500
999 _c9110
_d9110
008 180411b ||||| |||| 00| 0 eng d
245 _aStudies show why meditation relieves stress.
260 _aPhilippines
_bPhilippine Daily Inquirer
_cc2016
300 _apage C4.
650 0 _927272
_aMeditation.
942 _2ddc
_cPER